<?xml version="1.0" encoding="UTF-8"?>
<marc:record xmlns:marc="http://www.loc.gov/MARC21/slim">
   <marc:leader>00000nam a2200000 a 4500</marc:leader>
   <marc:datafield ind1="1" ind2=" " tag="100">
      <marc:subfield code="a">Erwin, Birgit</marc:subfield>
      <marc:subfield code="4">aut</marc:subfield>
      <marc:subfield code="e">Verfasser/-in</marc:subfield>
   </marc:datafield>
   <marc:datafield ind1="1" ind2=" " tag="100">
      <marc:subfield code="a">Buchhorn, Ulrich</marc:subfield>
      <marc:subfield code="4">aut</marc:subfield>
      <marc:subfield code="e">Verfasser/-in</marc:subfield>
   </marc:datafield>
   <marc:datafield ind1=" " ind2=" " tag="653">
      <marc:subfield code="a">Historischer Kriminalroman</marc:subfield>
   </marc:datafield>
   <marc:datafield ind1="0" ind2="0" tag="245">
      <marc:subfield code="a">Die Bibliothek des Kurfürsten</marc:subfield>
   </marc:datafield>
   <marc:datafield ind1="0" ind2="0" tag="245">
      <marc:subfield code="b">Historischer Roman</marc:subfield>
   </marc:datafield>
   <marc:datafield ind1="0" ind2="0" tag="245">
      <marc:subfield code="c">Birgit Erwin ; Ulrich Buchhorn</marc:subfield>
   </marc:datafield>
   <marc:datafield ind1=" " ind2="1" tag="264">
      <marc:subfield code="a">Meßkirch</marc:subfield>
      <marc:subfield code="b">Gmeiner</marc:subfield>
      <marc:subfield code="c">2021</marc:subfield>
   </marc:datafield>
   <marc:datafield ind1=" " ind2=" " tag="250">
      <marc:subfield code="a">1</marc:subfield>
   </marc:datafield>
   <marc:datafield ind1="1" ind2=" " tag="520">
      <marc:subfield code="a">Oktober 1621. Jakob Liebig, Agent des bayerischen Herzogs, reist nach Heidelberg. Er soll seinem Dienstherrn die wertvollen Handschriften der Bibliotheca Palatina sichern, die der Kurfürst bei seiner Flucht zurückgelassen hat. Doch schon am Tor wird er wegen eines Mordes verhaftet, den er nicht begangen hat. Major Maxilius lässt ihn unter der Bedingung frei, dass er das Verbrechen aufklärt. Dabei stößt Jakob auf ein Dickicht aus Lügen und Spionage. Und bald wird klar, dass nicht nur sein Leben, sondern auch die Bibliotheca Palatina in Gefahr ist.</marc:subfield>
   </marc:datafield>
   <marc:datafield ind1=" " ind2=" " tag="020">
      <marc:subfield code="a">9783839200131</marc:subfield>
      <marc:subfield code="9">9783839200131</marc:subfield>
   </marc:datafield>
   <marc:datafield ind1=" " ind2=" " tag="020">
      <marc:subfield code="a">383920013X</marc:subfield>
      <marc:subfield code="9">383920013X</marc:subfield>
   </marc:datafield>
   <marc:datafield ind1=" " ind2=" " tag="300">
      <marc:subfield code="a">441 Seiten</marc:subfield>
   </marc:datafield>
</marc:record>
